| 000 | 00439nam a2200181 a 4500 | ||
|---|---|---|---|
| 001 | 2295 | ||
| 003 | CDMR | ||
| 005 | 20130322112810.0 | ||
| 008 | 130130s1983||||||||||||||||||||||||||||d | ||
| 020 | _a8434579537 | ||
| 040 |
_aCDMR _bcat _cCDMR |
||
| 100 | 1 |
_aBurriel, José María _91712 |
|
| 245 | 1 | 3 |
_aLa radio _cJosé María Burriel |
| 250 | _a2a ed. | ||
| 260 |
_aBarcelona _c1983 _bSalvat |
||
| 490 | 0 |
_aTemas clave _v50 |
|
| 942 |
_cMON _2udc |
||
| 999 |
_c2295 _d2295 |
||